000 00560cam a22002291 4500
001 757832
005 20180123044211.0
008 700729r19681966nyu 000 0 eng
010 _a 68006615
040 _aDLC
_cDLC
_dDLC
041 _aeng
043 _ae-uk-en
080 _a914.203
082 0 0 _a914.203 BRY
100 1 _a16
101 _aHIS
240 1 0 _aMedieval foundation
245 1 4 _aThe medieval foundation of England,
_cby Arthur Bryant.
350 _a1.95
906 _a7
_bcbc
_corignew
_du
_encip
_f19
_gy-gencatlg
942 _2ddc
_cBK
999 _c40754
_d40754